Planungstheorie
| Titel: | Planungstheorie / Thorsten Wiechmann |
|---|---|
| Verfasser: | |
| Veröffentlicht: | Hannover : ARL - Akademie für Raumforschung und Landesplanung, 2018 |
| Umfang: | Online-Ressource |
| Format: | E-Book |
| Sprache: | Deutsch |
X
alg: 47339353 001A $06000:03-12-20 001B $01999:04-08-25 $t22:36:41.000 001D $06000:03-12-20 001U $0utf8 001X $00 002@ $0Oax 002C $aText $btxt $2rdacontent 002D $aComputermedien $bc $2rdamedia 002E $aOnline-Ressource $bcr $2rdacarrier 003@ $0473393530 004R $010419/225825 004U $0urn:nbn:de:0156-55991644 006G $01221132830 006U $020,O12 $f20201110 007A $01735703885 $aGBV 009Q $uhttps://hdl.handle.net/10419/225825 $xR 009Q $uhttps://nbn-resolving.org/urn:nbn:de:0156-55991644 $xR 009Q $S0 $uhttp://hdl.handle.net/10419/225825 $xH 010@ $ager 011@ $a2018 $n2018 021A $aPlanungstheorie $hThorsten Wiechmann 028A $aWiechmann $BVerfasser $dThorsten $4aut 033A $pHannover $nARL - Akademie für Raumforschung und Landesplanung 034D $aOnline-Ressource 037A $aIn: ARL – Akademie für Raumforschung und Landesplanung (Ed.). Handwörterbuch der Stadt- und Raumentwicklung. Hannover: ARL, 2018, Pages: 1771-1784, ISBN 978-3-88838-559-9 044K $qDNB $RPraxis $#Theory (Philosophy) $#Théorie (philosophie) $#Theorie $#Theorie $emaschinell gebildet $74059787-8 $8Theorie [Tsz] $9085166316 $k0,03995 045B $a711 $ADNB $e23kdnb $Emaschinell gebildet $K0,94984 045E $c710 lok: 47339353 3 exp: 47339353 3 1 #EPN 201B/01 $005-12-20 $t22:22:29.746 201C/01 $005-12-20 201U/01 $0utf8 203@/01 $01132103509 208@/01 $a05-12-20 $bl 209S/01 $S0 $uhttp://hdl.handle.net/10419/225825 $XH lok: 47339353 5 exp: 47339353 5 1 #EPN 201B/01 $005-12-20 $t22:22:29.751 201C/01 $005-12-20 201U/01 $0utf8 203@/01 $01132103517 208@/01 $a05-12-20 $bl 209S/01 $S0 $uhttp://hdl.handle.net/10419/225825 $XH lok: 47339353 8 exp: 47339353 8 1 #EPN 201B/01 $005-12-20 $t22:22:29.755 201C/01 $005-12-20 201U/01 $0utf8 203@/01 $01132103525 208@/01 $a05-12-20 $bl 209S/01 $S0 $uhttp://hdl.handle.net/10419/225825 $XH lok: 47339353 10 exp: 47339353 10 1 #EPN 201B/01 $005-12-20 $t22:22:29.759 201C/01 $005-12-20 201U/01 $0utf8 203@/01 $01132103533 208@/01 $a05-12-20 $bl 209S/01 $S0 $uhttp://hdl.handle.net/10419/225825 $XH lok: 47339353 11 exp: 47339353 11 1 #EPN 201B/01 $005-12-20 $t22:22:29.762 201C/01 $005-12-20 201U/01 $0utf8 203@/01 $01132103541 208@/01 $a05-12-20 $bl 209S/01 $S0 $uhttp://hdl.handle.net/10419/225825 $XH lok: 47339353 21 exp: 47339353 21 1 #EPN 201B/01 $005-12-20 $t22:22:29.770 201C/01 $005-12-20 201U/01 $0utf8 203@/01 $01132103568 208@/01 $a05-12-20 $bl 209S/01 $S0 $uhttp://hdl.handle.net/10419/225825 $XH lok: 47339353 23 exp: 47339353 23 1 #EPN 201B/01 $005-12-20 $t22:22:29.774 201C/01 $005-12-20 201U/01 $0utf8 203@/01 $01132103576 208@/01 $a05-12-20 $bl 209S/01 $S0 $uhttp://hdl.handle.net/10419/225825 $XH lok: 47339353 25 exp: 47339353 25 1 #EPN 201B/01 $005-12-20 $t22:22:29.778 201C/01 $005-12-20 201U/01 $0utf8 203@/01 $01132103584 208@/01 $a05-12-20 $bl 209S/01 $S0 $uhttp://hdl.handle.net/10419/225825 $XH lok: 47339353 36 exp: 47339353 36 1 #EPN 201B/01 $004-08-25 $t22:36:41.343 201C/01 $004-08-25 201U/01 $0utf8 203@/01 $0131504417X 208@/01 $a04-08-25 $bl 209S/01 $S0 $uhttp://hdl.handle.net/10419/225825 $XH lok: 47339353 49 exp: 47339353 49 1 #EPN 201B/01 $005-12-20 $t22:22:29.782 201C/01 $005-12-20 201U/01 $0utf8 203@/01 $01132103592 208@/01 $a05-12-20 $bl 209S/01 $S0 $uhttp://hdl.handle.net/10419/225825 $XH lok: 47339353 108 exp: 47339353 108 1 #EPN 201B/01 $005-12-20 $t22:22:29.785 201C/01 $005-12-20 201U/01 $0utf8 203@/01 $01132103606 208@/01 $a05-12-20 $bl 209S/01 $S0 $uhttp://hdl.handle.net/10419/225825 $XH lok: 47339353 204 exp: 47339353 204 1 #EPN 201B/01 $005-12-20 $t22:22:29.790 201C/01 $005-12-20 201U/01 $0utf8 203@/01 $01132103614 208@/01 $a05-12-20 $bl 209S/01 $S0 $uhttp://hdl.handle.net/10419/225825 $XH lok: 47339353 205 exp: 47339353 205 1 #EPN 201B/01 $005-12-20 $t22:22:29.795 201C/01 $005-12-20 201U/01 $0utf8 203@/01 $01132103622 208@/01 $a05-12-20 $bl 209S/01 $S0 $uhttp://hdl.handle.net/10419/225825 $XH
| LEADER | 00000cam a22000002c 4500 | ||
|---|---|---|---|
| 001 | 473393530 | ||
| 003 | DE-603 | ||
| 005 | 20250804223641.0 | ||
| 007 | cr|||||||||||| | ||
| 008 | 201203s2018 xx |||| o| u00||u|ger | ||
| 015 | |a 20,O12 |2 dnb | ||
| 016 | 7 | |2 DE-101 |a 1221132830 | |
| 024 | 7 | |a 10419/225825 |2 hdl | |
| 024 | 7 | |a urn:nbn:de:0156-55991644 |2 urn | |
| 035 | |a (DE-599)GBV1735703885 | ||
| 040 | |a DE-603 |b ger |c DE-603 |d DE-603 | ||
| 041 | |a ger | ||
| 082 | 7 | |8 2\p |a 711 |2 23kdnb | |
| 084 | |a 710 |q DE-101 |2 sdnb | ||
| 100 | 1 | |a Wiechmann, Thorsten |e Verfasser |4 aut | |
| 245 | 0 | 0 | |a Planungstheorie |c Thorsten Wiechmann |
| 264 | 1 | |a Hannover |b ARL - Akademie für Raumforschung und Landesplanung |c 2018 | |
| 300 | |a Online-Ressource | ||
| 336 | |a Text |b txt |2 rdacontent | ||
| 337 | |a Computermedien |b c |2 rdamedia | ||
| 338 | |a Online-Ressource |b cr |2 rdacarrier | ||
| 500 | |a In: ARL – Akademie für Raumforschung und Landesplanung (Ed.). Handwörterbuch der Stadt- und Raumentwicklung. Hannover: ARL, 2018, Pages: 1771-1784, ISBN 978-3-88838-559-9 | ||
| 650 | 7 | |8 1\p |a Theorie |0 (DE-588)4059787-8 |0 (DE-603)085166316 |2 gnd | |
| 856 | |u https://hdl.handle.net/10419/225825 |x Resolving-System | ||
| 856 | |u https://nbn-resolving.org/urn:nbn:de:0156-55991644 |x Resolving-System | ||
| 856 | |u http://hdl.handle.net/10419/225825 |x Verlag |z kostenfrei | ||
| 883 | 0 | |8 1\p |a maschinell gebildet |c 0,03995 |q DE-101 | |
| 883 | 0 | |8 2\p |a maschinell gebildet |c 0,94984 |q DE-101 | |
| 924 | 1 | |9 603 |a (DE-603)1132103509 |b DE-603 |c HES |d d | |
| 924 | 1 | |9 603 |a (DE-603)1132103517 |b DE-603 |c HES |d d | |
| 924 | 1 | |9 603 |a (DE-603)1132103525 |b DE-603 |c HES |d d | |
| 924 | 1 | |9 603 |a (DE-603)1132103533 |b DE-603 |c HES |d d | |
| 924 | 1 | |9 603 |a (DE-603)1132103541 |b DE-603 |c HES |d d | |
| 924 | 1 | |9 603 |a (DE-603)1132103568 |b DE-603 |c HES |d d | |
| 924 | 1 | |9 603 |a (DE-603)1132103576 |b DE-603 |c HES |d d | |
| 924 | 1 | |9 603 |a (DE-603)1132103584 |b DE-603 |c HES |d d | |
| 924 | 1 | |9 603 |a (DE-603)131504417X |b DE-603 |c HES |d d | |
| 924 | 1 | |9 603 |a (DE-603)1132103592 |b DE-603 |c HES |d d | |
| 924 | 1 | |9 603 |a (DE-603)1132103606 |b DE-603 |c HES |d d | |
| 924 | 1 | |9 603 |a (DE-603)1132103614 |b DE-603 |c HES |d d | |
| 924 | 1 | |9 603 |a (DE-603)1132103622 |b DE-603 |c HES |d d | |